| 000 | 00696nam a2200289Ia 4500 | ||
|---|---|---|---|
| 001 | 141 | ||
| 005 | 20240113233357.0 | ||
| 007 | ta | ||
| 008 | 050104s1984 a g b000 u eng u | ||
| 041 | _aeng | ||
| 082 |
_a531 _bM 288 EL |
||
| 100 | _aMaiti, S.R. . | ||
| 245 | 0 |
_aElementary Course of Mechanics / _cS .R. Maiti. _hTextual Documents |
|
| 250 | _a4th ed. / | ||
| 260 |
_aCalcatta : _bAshok Prakashan , _c1984. |
||
| 300 |
_aii,174p. : _bill ; _c21cm . |
||
| 653 | _aMathematics | ||
| 653 | _aMechanics | ||
| 653 | _aG-Physics | ||
| 942 |
_2ddc _cBK |
||
| 999 |
_c141 _d141 |
||